Deriváty v účtovníctve podnikateľov

Charakteristika derivátov. Oceňovanie derivátov. Investície na začiatku transakcie. Termín dohodnutia obchodu.

Salvato in:
Dettagli Bibliografici
Autore principale: Šlosárová, Anna
Altri autori: Šlosár, Rudolf
Natura: Capitolo di libro
Lingua:slovacco
Soggetti:
Tags: Aggiungi Tag
Nessun Tag, puoi essere il primo ad aggiungerne!!

MARC

LEADER 00000naa a2200000 4500
001 r049129
005 20231002075337.0
041 0 |a slo 
044 |a SK 
245 1 0 |a Deriváty v účtovníctve podnikateľov  |c Anna Šlosárová, Rudolf Šlosár 
520 |a Charakteristika derivátov. Oceňovanie derivátov. Investície na začiatku transakcie. Termín dohodnutia obchodu. 
610 2 0 |a deriváty 
610 2 0 |a účtovníctvo 
610 2 0 |a podnikatelia 
610 2 0 |a oceňovanie 
610 2 0 |a investície 
610 2 0 |a obchod 
100 1 |a Šlosárová, Anna 
700 1 |a Šlosár, Rudolf